Crónicas bastante extrañas

Uloženo v:
Podrobná bibliografie
Hlavní autoři: Piazza, Luis Guillermo (Autor), Chaplin, Charles (Autor), Fernández Moreno, César (Autor), Bowles, Paul (Autor), Vargas Llosa, Mario (Autor), Benedetti, Mario (Autor), Bierce, Ambrose (Autor), Casey, Calvert (Autor)
Médium: Kniha
Jazyk:španělština
Vydáno: Buenos Aires Jorge Alvarez 1965
Vydání:2a. ed
Témata:
Tagy: Přidat tag
Žádné tagy, Buďte první, kdo vytvoří štítek k tomuto záznamu!

MARC

LEADER 00000nam a2200000 a 4500
001 UCQ6458
003 CL-VaPUC
008 981016e19650000AG |||||||||||||||||spa|d
082 0 4 |a 808.83  |b PIA  |2 21 
100 0 |a Piazza, Luis Guillermo  |e author  |9 420339 
700 0 |a Chaplin, Charles  |e author  |9 266490 
700 |a Fernández Moreno, César  |e author  |9 420340 
700 0 |a Bowles, Paul  |e author  |9 420341 
700 0 |a Vargas Llosa, Mario  |e author  |9 318800 
700 0 |a Benedetti, Mario  |e author  |9 420342 
700 0 |a Bierce, Ambrose  |e author  |9 420343 
700 0 |a Casey, Calvert  |e author  |9 420344 
245 1 0 |a Crónicas bastante extrañas 
250 |a 2a. ed 
300 |a 123 p 
942 |c BK 
945 |d 19981016 00:00:00  |a crobeson 
260 |a Buenos Aires  |b Jorge Alvarez  |c 1965 
650 0 |a Cuentos  |9 308079 
650 0 |a Antologías  |9 309836 
583 |a last modification  |c 19981016 00:00:00  |k Rodrigo Vera 
999 |c 276415  |d 276413 
952 |0 0  |1 0  |4 0  |6 808_830000000000000_PIA_1965  |7 0  |8 A  |9 313631  |a BIBEDU  |b BIBEDU  |d 2019-11-20  |i 1481843  |o 808.83 PIA 1965  |p 1481843  |r 2019-11-20  |w 2019-11-20  |y BK  |k LIT